000 01266nam a22003377a 4500
999 _c1067
_d1067
001 000598
003 CoMeUDC000598
005 20190130221705.0
008 050419s2002 ck a r 00010 spa d
015 _ack-2002-xxxx
035 _aAJC5817 LA
040 _ala
_cCoMeUDC
041 0 _aspa
043 _as-ck---
082 0 4 _a635.977
_bA472
_219 ed.
100 _aAlvarado Zambrano, Bernabé.
_91435
245 1 0 _aManejo del árbol urbano :
_baspectos generales para el mantenimiento de árboles ornamentales /
_cBernabé Alvarado Zambrano ; fotografías Jairo Silva, Lucrecio Lara.
260 _aMedellín :
_bEmpresa de Desarrollo Urbano, Alcaldía de Medellín, Instituto para el Desarrollo de Antioquia, Corantioquia,
_c2002.
300 _a170 p. :
_bil. ;
_c27 cm.
500 _aSubtítulo tomado de la carátula.
650 _aArboles ornamentales
_x Mantenimiento.
650 6 _aViveros forestales.
650 6 _aZonas verdes.
650 0 _aArborización.
_91436
650 0 _aEspacio público
_x Aspectos ambientales
_z Colombia.
_91437
700 1 _aSilva, Jairo,
_efot.
700 1 _aLara, Lucrecio,
_efot.
740 0 2 _aAspectos generales para el mantenimiento de r̀boles ornamentales.
942 _2ddc
_cBK
949 _ac
_bc